[Event "Groningen op 56th"]
[Site "Groningen"]
[Date "2018.12.24"]
[Round "4"]
[White "Van Meegen, Ruud"]
[Black "Kollen, Zyon"]
[Result "1/2-1/2"]
[WhiteElo "2230"]
[BlackElo "2363"]
[PlyCount "96"]
[EventDate "2018.12.22"]
[EventType "swiss"]
[EventRounds "9"]
[EventCountry "NED"]
[SourceTitle "CBM 188 Extra"]
[Source "ChessBase"]
[SourceDate "2019.02.26"]
[SourceVersion "1"]
[SourceVersionDate "2019.02.26"]
[SourceQuality "1"]

1. Nf3 Nf6 2. c4 e6 3. b3 d5 4. Bb2 Be7 5. e3 b6 6. Nc3 c6 7. Qc2 Nbd7 8. d4 a6 9. Bd3 b5 10. 0-0 Rb8 11. Rab1 h6 12. a3 0-0 13. c5 Qc7 14. Ne2 Ne8 15. b4 f5 16. Nf4 Rf6 17. h4 g6 18. Qe2 Ng7 19. g3 Nf8 20. Kg2 Bd7 21. Rh1 Be8 22. Rh2 Bd8 23. Bc2 a5 24. Bc3 axb4 25. axb4 Ra8 26. Rhh1 Qb8 27. Ra1 Rxa1 28. Rxa1 Rf7 29. Qd1 Ra7 30. Rxa7 Qxa7 31. Qa1 Qxa1 32. Bxa1 g5 33. hxg5 hxg5 34. Nd3 Nd7 35. Nfe5 Nxe5 36. Nxe5 Bf6 37. Nd3 Bh5 38. f3 Bd8 39. Bc3 Bc7 40. Bd2 Ne8 41. Ne5 Bxe5 42. dxe5 Kg7 43. Kf2 Nc7 44. Bb3 Na6 45. f4 gxf4 46. gxf4 Kh6 47. Bc2 Bg4 48. Kg3 Kh5 1/2-1/2

[Event "Groningen op 56th"]
[Site "Groningen"]
[Date "2018.12.23"]
[Round "2"]
[White "Van Meegen, Ruud"]
[Black "Barthel, Ansgar"]
[Result "1-0"]
[WhiteElo "2230"]
[BlackElo "2096"]
[PlyCount "101"]
[EventDate "2018.12.22"]
[EventType "swiss"]
[EventRounds "9"]
[EventCountry "NED"]
[SourceTitle "CBM 188 Extra"]
[Source "ChessBase"]
[SourceDate "2019.02.26"]
[SourceVersion "1"]
[SourceVersionDate "2019.02.26"]
[SourceQuality "1"]

1. d4 d5 2. c4 e6 3. Nc3 c5 4. cxd5 exd5 5. Nf3 Nc6 6. g3 Nf6 7. Bg2 Be7 8. 0-0 0-0 9. dxc5 Bxc5 10. a3 a6 11. b4 Be7 12. Bb2 Be6 13. Rc1 Qd7 14. Na4 Rad8 15. Ne5 Nxe5 16. Bxe5 Rc8 17. Rxc8 Qxc8 18. Qd4 Rd8 19. Rd1 Qc2 20. Nc3 Qb3 21. Qd3 Kf8 22. Bxf6 Bxf6 23. Nxd5 Qxd3 24. Rxd3 Bxd5 25. Bxd5 b5 26. e4 Rc8 27. Rf3 Rc3 28. Rf5 Rd3 29. g4 h6 30. h4 Bxh4 31. Rxf7+ Ke8 32. Rxg7 Rf3 33. Rg6 Rf6 34. Rxf6 Bxf6 35. Bb7 Bb2 36. Bxa6 Bxa3 37. Bxb5+ Ke7 38. Kg2 Bxb4 39. f4 Bd2 40. Kf3 Kd6 41. Be8 Bc1 42. Bf7 Kc5 43. e5 Kd4 44. e6 Ba3 45. g5 hxg5 46. fxg5 Ke5 47. Kg4 Bf8 48. Bg8 Be7 49. Kh5 Kf5 50. g6 Kf6 51. Kh6 1-0

[Event "NED-chT 1819"]
[Site "Netherlands"]
[Date "2018.11.24"]
[Round "4.7"]
[White "Van Meegen, Ruud"]
[Black "Van der Heijden, Ton"]
[Result "0-1"]
[WhiteElo "2228"]
[BlackElo "2308"]
[PlyCount "122"]
[EventDate "2018.09.15"]
[EventType "team-tourn"]
[EventRounds "9"]
[EventCountry "NED"]
[SourceTitle "CBM 187 Extra"]
[Source "ChessBase"]
[SourceDate "2018.11.04"]
[SourceVersion "1"]
[SourceVersionDate "2018.11.04"]
[SourceQuality "1"]
[WhiteTeam "Zuid Limburg"]
[BlackTeam "BSG"]
[WhiteTeamCountry "NED"]
[BlackTeamCountry "NED"]

1. d4 Nf6 2. c4 e6 3. Nf3 c5 4. g3 cxd4 5. Nxd4 d5 6. Bg2 e5 7. Nf3 d4 8. 0-0 Nc6 9. e3 Bc5 10. exd4 exd4 11. Re1+ Be6 12. a3 a5 13. Bg5 h6 14. Bxf6 Qxf6 15. Nbd2 0-0 16. Ne4 Qe7 17. Rc1 a4 18. Nfd2 d3 19. Nxc5 Qxc5 20. Rc3 Rfd8 21. Qf3 Qb6 22. Rxd3 Qxb2 23. Ne4 Ne5 24. Rxd8+ Rxd8 25. Qc3 Nxc4 26. Qxb2 Nxb2 27. Nc5 b5 28. Rb1 Ba2 29. Ra1 Bc4 30. Bf1 Rd2 31. Rc1 Bxf1 32. Kxf1 Nd3 33. Nxd3 Rxd3 34. Ke2 Rxa3 35. Rb1 Ra2+ 36. Kf1 a3 37. Rxb5 Rb2 38. Ra5 a2 39. Kg2 Kf8 40. Ra7 Ke8 41. Kf3 Kd8 42. h4 Kc8 43. Ke3 Kb8 44. Ra4 Kb7 45. f4 h5 46. Kd4 Kc6 47. Kc4 Rg2 48. Ra6+ Kb7 49. Ra4 Rxg3 50. Rxa2 Rf3 51. Kd5 Rxf4 52. Re2 Rxh4 53. Re7+ Kb6 54. Rxf7 Rg4 55. Rd7 h4 56. Ke5 g5 57. Kf5 Rg3 58. Ke4 h3 59. Rd8 g4 60. Rh8 Rg2 61. Ke3 h2 0-1

[Event "Dieren op"]
[Site "Dieren"]
[Date "2018.07.27"]
[Round "4"]
[White "Buckels, Valentin"]
[Black "Van Meegen, Ruud"]
[Result "1-0"]
[WhiteElo "2353"]
[BlackElo "2222"]
[PlyCount "69"]
[EventDate "2018.07.24"]
[EventType "tourn"]
[EventRounds "9"]
[EventCountry "NED"]
[SourceTitle "CBM 185 Extra"]
[Source "ChessBase"]
[SourceDate "2018.07.29"]
[SourceVersion "1"]
[SourceVersionDate "2018.07.29"]
[SourceQuality "1"]

1. d4 Nf6 2. c4 c5 3. d5 b5 4. cxb5 a6 5. bxa6 g6 6. Nc3 Bxa6 7. e4 Bxf1 8. Kxf1 d6 9. g3 Bg7 10. Nf3 0-0 11. Kg2 Nbd7 12. a4 Ra6 13. Qc2 Qa8 14. Ra3 e6 15. dxe6 fxe6 16. Re1 d5 17. exd5 exd5 18. Nb5 Qb7 19. Bf4 d4 20. Nc7 Rb6 21. Qc4+ Kh8 22. Re7 Rb4 23. Qe6 Rb6 24. Qh3 Rxb2 25. Ne6 Ne4 26. Rxg7 Rxf2+ 27. Kh1 Qb1+ 28. Ng1 Ndf6 29. Be5 h5 30. Rxg6 Rf7 31. Qxh5+ Rh7 32. Rh6 Rxh2+ 33. Qxh2 Nf2+ 34. Kg2 Qe4+ 35. Nf3 1-0

[Event "Dieren op"]
[Site "Dieren"]
[Date "2018.07.24"]
[Round "1"]
[White "Van Meegen, Ruud"]
[Black "Krysa, Leandro Sergio"]
[Result "1/2-1/2"]
[WhiteElo "2222"]
[BlackElo "2533"]
[PlyCount "102"]
[EventDate "2018.07.24"]
[EventType "tourn"]
[EventRounds "9"]
[EventCountry "NED"]
[SourceTitle "CBM 185 Extra"]
[Source "ChessBase"]
[SourceDate "2018.07.29"]
[SourceVersion "1"]
[SourceVersionDate "2018.07.29"]
[SourceQuality "1"]

1. d4 Nf6 2. c4 e6 3. Nf3 d5 4. Nc3 c5 5. cxd5 Nxd5 6. e4 Nxc3 7. bxc3 cxd4 8. cxd4 Bb4+ 9. Bd2 Bxd2+ 10. Qxd2 0-0 11. Bc4 Nd7 12. 0-0 b6 13. Rfe1 Bb7 14. Rad1 Rc8 15. Bd3 Qe7 16. Qf4 Rc3 17. Re3 Rfc8 18. e5 Rc1 19. Ree1 Rxd1 20. Rxd1 Nf8 21. Ng5 Rc7 22. Ne4 Ng6 23. Qe3 Nh4 24. Qh3 Bxe4 25. Bxe4 Qg5 26. Qd3 Ng6 27. g3 h5 28. Kf1 Nf8 29. h4 Qe7 30. Qf3 g6 31. Kg2 b5 32. Qd3 a6 33. Re1 Qb4 34. Re3 Rc4 35. a3 Qa4 36. Qe2 Rxd4 37. g4 Qc4 38. Qf3 hxg4 39. Qxg4 Nh7 40. Qe2 Qc5 41. h5 Ng5 42. hxg6 Rxe4 43. Rxe4 Nxe4 44. gxf7+ Kxf7 45. Qf3+ Ke8 46. Qxe4 Qxa3 47. Qc6+ Kf7 48. f4 Qd3 49. Qxa6 Qd5+ 50. Kg3 Kg6 51. Qa7 Qd3+ 1/2-1/2

[Event "NED-chT Cup"]
[Site "Apeldoorn"]
[Date "2018.05.10"]
[Round "1.1"]
[White "Van Meegen, Ruud"]
[Black "Pijpers, Arthur"]
[Result "1/2-1/2"]
[WhiteElo "2241"]
[BlackElo "2475"]
[PlyCount "89"]
[EventDate "2018.05.10"]
[EventType "team-k.o."]
[EventRounds "2"]
[EventCountry "NED"]
[SourceTitle "CBM 184 Extra"]
[Source "ChessBase"]
[SourceDate "2018.06.28"]
[SourceVersion "1"]
[SourceVersionDate "2018.06.28"]
[SourceQuality "1"]
[WhiteTeam "Voerendaal"]
[BlackTeam "Leiden LSG II"]
[WhiteTeamCountry "NED"]
[BlackTeamCountry "NED"]

1. d4 Nf6 2. c4 g6 3. Nc3 Bg7 4. e4 d6 5. Nf3 0-0 6. Be2 e5 7. d5 a5 8. Bg5 h6 9. Bh4 Na6 10. Nd2 Qe8 11. a3 Bd7 12. b3 Nh7 13. 0-0 h5 14. f3 Bh6 15. Rb1 Be3+ 16. Kh1 Bc5 17. Qc1 f5 18. exf5 gxf5 19. Na2 Qg6 20. b4 axb4 21. axb4 Be3 22. Qc2 Rf7 23. Bd3 Rg7 24. Nb3 Nf6 25. Rbe1 Bg5 26. Bxg5 Qxg5 27. b5 Nb8 28. f4 exf4 29. Nd4 Ng4 30. Nf3 Qf6 31. Qd2 Ra3 32. Nc1 Ne3 33. Rf2 h4 34. Ne2 Ng4 35. Rff1 Ne3 36. Rg1 Ng4 37. Nxf4 Qc3 38. Re2 Qxd2 39. Rxd2 h3 40. gxh3 Ne5 41. Rxg7+ Kxg7 42. Nd4 Kf6 43. h4 Be8 44. Be2 Rc3 45. Rc2 1/2-1/2